书目信息 |
| 题名: |
现代物流管理
|
|
| 作者: | 李严锋 , 张丽娟 主编 | |
| 分册: | ||
| 出版信息: | 大连 东北财经大学出版社 2020.3 |
|
| 页数: | 319页 | |
| 开本: | 26cm | |
| 丛书名: | ||
| 单 册: | ||
| 中图分类: | F252.1 | |
| 科图分类: | ||
| 主题词: | 物流管理--wu liu guan li--高等教育--教材 | |
| 电子资源: | ||
| ISBN: | 978-7-5654-3780-9 | |
| 000 | 01250nam0 2200277 450 | |
| 001 | 2161462552 | |
| 005 | 20211003084207.41 | |
| 010 | @a978-7-5654-3780-9@dCNY45.00 | |
| 100 | @a20200626d2020 em y0chiy0120 ea | |
| 101 | 0 | @achi |
| 102 | @aCN@b210000 | |
| 105 | @aa z 000yy | |
| 106 | @ar | |
| 200 | 1 | @a现代物流管理@Axian dai wu liu guan li@dModern logistics management@f李严锋,张丽娟主编@zeng |
| 205 | @a5版 | |
| 210 | @a大连@c东北财经大学出版社@d2020.3 | |
| 215 | @a319页@c图@d26cm | |
| 300 | @a最新高等物流教育系列 “十二五”普通高等教育本科国家级规划教材 普通高等教育“十一五”国家级规划教材 普通高等教育国家级精品教材 国家级精品课教材 国家级精品视频公开课教材 | |
| 330 | @a本书逐渐形成了基于供应链思想的现代物流管理理念与规划,基于资源整合的采购、运输、生产、仓储、配送流程管理与再造,基于物联网等信息技术和智能化技术的物流信息、物流质量、物流成本和物流组织管理,基于协同创新的第N方物流、国际物流、物流金融、精益物流新模式的专业课程知识体系。 | |
| 510 | 1 | @aModern logistics management@zeng |
| 606 | 0 | @a物流管理@Awu liu guan li@x高等教育@j教材 |
| 690 | @aF252.1@v5 | |
| 701 | 0 | @a李严锋@Ali yan feng@4主编 |
| 701 | 0 | @a张丽娟@Azhang li juan@4主编 |
| 801 | 0 | @aCN@b百万庄@c20210929 |
| 905 | @b1302826-29@dF252.1@e321=5@f4 | |
| 现代物流管理=Modern logistics management/李严锋,张丽娟主编.-5版.-大连:东北财经大学出版社,2020.3 |
| 319页:图;26cm |
| 最新高等物流教育系列 “十二五”普通高等教育本科国家级规划教材 普通高等教育“十一五”国家级规划教材 普通高等教育国家级精品教材 国家级精品课教材 国家级精品视频公开课教材 |
| ISBN 978-7-5654-3780-9:CNY45.00 |
| 本书逐渐形成了基于供应链思想的现代物流管理理念与规划,基于资源整合的采购、运输、生产、仓储、配送流程管理与再造,基于物联网等信息技术和智能化技术的物流信息、物流质量、物流成本和物流组织管理,基于协同创新的第N方物流、国际物流、物流金融、精益物流新模式的专业课程知识体系。 |
| ● |
| 相关链接 |
|
|
|
|
正题名:现代物流管理
索取号:F252.1/321=5
 
预约/预借
| 序号 | 登录号 | 条形码 | 馆藏地/架位号 | 状态 | 备注 |
| 1 | 1302826 | 213028267 | 第一样本阅览室/ [索取号:F252.1/321=5] | 在馆 | |
| 2 | 1302827 | 213028276 | 第一借阅区/ [索取号:F252.1/321=5] | 在馆 | |
| 3 | 1302828 | 213028285 | 第一借阅区/ [索取号:F252.1/321=5] | 在馆 | |
| 4 | 1302829 | 213028294 | 第一借阅区/ [索取号:F252.1/321=5] | 在馆 |